LEADER 01157nam a2200277 i 4500 001 991000727309707536 005 20020509174631.0 008 010514s1968 be ||| | ger 035 $ab1140114x-39ule_inst 035 $aPARLA214101$9ExL 040 $aDip.to Filosofia$bita 082 0 $a170 100 1 $aGarve, Christian$0220422 245 10$aUbersicht der vornehmsten Principien der Sittenlehrevon dem Zeitalter des Aristoteles an bis auf unsere Zeiten /$cChristian Garve 260 $aBruxelles :$bCulture et civilisation,$c1968 300 $a4, 394 p. ;$c19 cm. 490 0 $aAetas Kantiana ;$v81 500 $aTit. della cop.: Principien der Sittenlehre 500 $aRipr. facs. dell'ed.: Breslau : Korn, 1798 650 4$aEtica$xStoria 907 $a.b1140114x$b01-03-17$c01-07-02 912 $a991000727309707536 945 $aLE005IF XLVII C 16$g1$iLE005IFA-2700$lle005$o-$pE0.00$q-$rl$s- $t0$u0$v0$w0$x0$y.i11588299$z01-07-02 996 $aUbersicht der vornehmsten Principien der Sittenlehrevon dem Zeitalter des Aristoteles an bis auf unsere Zeiten$9817952 997 $aUNISALENTO 998 $ale005$b01-01-01$cm$da $e-$fger$gbe $h0$i1